Sports Quiz

Random Sports or College Quiz

FBS Teams by Nickname Quiz Stats

 Plays Quiz not verified by Sporcle

Score 0/93 Timer 05:00
0 Plays Today
Nicknames College(s) % Correct
AggiesTexas A&M, New Mexico State, Utah State
99.3%
BadgersWisconsin
98.7%
BuckeyesOhio State
98%
Blue DevilsDuke
97.3%
BoliermakersPurdue
96.6%
CornhuskersNebraska
96.6%
BeaversOregon State
96%
BulldogsGeorgia, Mississippi State, Fresno State, Louisiana Tech
96%
CardinalStanford
96%
Crimson TideAlabama
96%
Fighting IrishNotre Dame
96%
Fighting IlliniIllinois
95.3%
GatorsFlorida
95.3%
DucksOregon
94%
GamecocksSouth Carolina
94%
CowboysOklahoma State and Wyoming
92.6%
BullsSouth Florida and Buffalo
91.9%
Golden GophersMinnesota
91.9%
JayhawksKansas
91.9%
BearcatsCincinnati
91.3%
Demon DeaconsWake Forest
91.3%
HawkeyesIowa
91.3%
LonghornsTexas
91.3%
BuffaloesColorado
90.6%
Horned FrogsTCU
90.6%
HuskiesConnecticut, Northern Illinois, Washington
90.6%
BroncosWestern Michigan and Boise State
89.9%
BruinsUCLA
89.9%
Golden BearsCalifornia
89.3%
HoosiersIndiana
89.3%
HurricanesMiami
89.3%
Nicknames College(s) % Correct
CommodoresVanderbilt
88.6%
HokiesVirginia Tech
88.6%
LobosNew Mexico
87.9%
CavaliersVirginia
86.6%
MountaineersWest Virginia
86.6%
CardinalsLouisville and Ball State
85.9%
EaglesBoston College and Eastern Michigan
85.9%
Nittany LionsPenn State
85.9%
AztecsSan Diego State
85.2%
MidshipmenNavy
85.2%
OrangeSyracuse
85.2%
RazorbacksArkansas
84.6%
Black KnightsArmy
83.9%
CyclonesIowa State
83.2%
Green WaveTulane
83.2%
Red RaidersTexas Tech
82.6%
CougarsHouston, Brigham Young, Washington State
81.2%
SeminolesFlorida State
80.5%
SoonersOklahoma
79.9%
SpartansMichigan State and San Jose State
79.9%
OwlsRice, Temple, Florida Atlantic
78.5%
RebelsUNLV and Ole Miss
78.5%
Sun DevilsArizona State
78.5%
Scarlet KinghtsRutgers
77.2%
Tar HeelsNorth Carolina
76.5%
TrojansUSC
75.8%
ChippewasCentral Michigan
75.2%
TerrapinsMaryland
75.2%
TigersClemson, Missouri, Memphis, Auburn, LSU
75.2%
UtesUtah
75.2%
BearsBaylor
74.5%
Nicknames College(s) % Correct
FalconsBowling Green and Air Force
74.5%
VolunteersTennessee
72.5%
BlazersUAB
69.8%
PiratesECU
69.8%
PanthersPittsburgh
67.8%
Thundering HerdMarshall
67.1%
HilltoppersWestern Kentucky
65.8%
WildcatsKansas State, Northwestern, Arizona, Kentucky
65.8%
MinersUTEP
65.1%
MustangsSMU
65.1%
RamsColorado State
65.1%
Yellow JacketsGeorgia Tech
64.4%
WolverinesMichigan
64.4%
Mean GreenNorth Texas
63.1%
BobcatsOhio
61.1%
Golden HurricaneTulsa
61.1%
Ragin' CajunsLouisiana-Lafayette
58.4%
ZipsAkron
58.4%
Wolf PackNevada
57%
RedHawksMiami (Ohio)
56.4%
WolfpackNorth Carolina State
56.4%
VandalsIdaho
55.7%
RocketsToledo
53.7%
Golden FlashesKent State
51.7%
KnightsUCF
49%
Blue RaidersMiddle Tennessee State
45%
Golden EaglesSouthern Mississippi
42.3%
WarriorsHawaii
41.6%
Golden PanthersFIU
39.6%
Red WolvesArkansas State
28.2%
War HawksLouisiana-Monroe
24.2%

You're not logged in!

Compare scores with friends on all Sporcle quizzes.
OR
Log In

Show Comments

Extras

Top Quizzes Today


Score Distribution

Your Account Isn't Verified!

In order to create a playlist on Sporcle, you need to verify the email address you used during registration. Go to your Sporcle Settings to finish the process.

Report this User

Report this user for behavior that violates our Community Guidelines.

Details: